[Event "Mumbai Wealth op 5th"]
[Site "Mumbai"]
[Date "2020.01.04"]
[Round "6"]
[White "Vatsal, Singhania"]
[Black "Aakash Sharadchandra, Dalvi"]
[Result "1-0"]
[WhiteElo "2252"]
[BlackElo "2107"]
[PlyCount "55"]
[EventDate "2019.12.30"]
[EventType "swiss"]
[EventRounds "9"]
[EventCountry "IND"]
[SourceTitle "CBM 194 Extra"]
[Source "ChessBase"]
[SourceDate "2020.03.31"]
[SourceVersion "1"]
[SourceVersionDate "2020.03.31"]
[SourceQuality "1"]

1. e4 c5 2. Nf3 d6 3. d4 cxd4 4. Nxd4 Nf6 5. Nc3 a6 6. Be2 e6 7. 0-0 Qc7 8. f4 b5 9. Bf3 Bb7 10. e5 dxe5 11. fxe5 Nfd7 12. Bxb7 Qxb7 13. Qh5 g6 14. Qh4 Bg7 15. Ne4 Bxe5 16. Nf3 Qb6+ 17. Kh1 Bg7 18. Bh6 0-0 19. Rad1 f6 20. Rd6 Qc7 21. Bxg7 Kxg7 22. Nd4 Kg8 23. Nxe6 Qc4 24. Rf2 Rf7 25. b3 Qc8 26. Nxf6+ Rxf6 27. Rxf6 Qxc2 28. Rf1 1-0